124_ Personnalités nées un 4 mai par images - Statistiques

Statistiques générales
  • Ce quiz a été pris 33 fois
  • Le résultat moyen est 3 sur 9
Statistiques - réponses
Par images Hint Réponse % Correct
Acteur Gérard Jugnot
100%
Athlète Jimmy Gressier
64%
Footballeur Cesc Fàbregas
55%
Peintre Keith Haring
27%
Chanteur Jackie Jackson
24%
Pilote de moto Jorge Lorenzo
6%
Actrice Ashley Rickards
0%
Chanteuse Pauline Croze
0%
Musicien Ron Carter
0%
Aucun quiz correspondant
Distribution des résultats
% des personnes avec chaque résultat
Percentile par nombre de réponses
Votre historique - résultats
Vous n’avez pas pris ce quiz